Score 0/65 Timer 07:00
8 Plays Today
Decade Names % Correct
1910sSara
91.5%
1920sSara
91.5%
1980sSara
91.5%
1990sSara
91.5%
1890sSarah
89.7%
1880sSarah
89.7%
1910sSarah
89.7%
1920sSarah
89.7%
1930sSarah
89.7%
1970sSarah
89.7%
1980sSarah
89.7%
1990sSarah
89.7%
2000sSarah
89.7%
1900sSarah
89.7%
1980sSamantha
83%
1990sSamantha
83%
2000sSamantha
83%
1940sSusan
81.2%
1950sSusan
81.2%
1960sSusan
81.2%
1970sSusan
81.2%
1930sSally
77.5%
1940sSally
77.5%
1930sSandra
68.8%
1940sSandra
68.8%
1950sSandra
68.8%
1960sSandra
68.8%
1960sStephanie
63.6%
1970sStephanie
63.6%
1980sStephanie
63.6%
1990sStephanie
63.6%
1940sSharon
54.3%
1950sSharon
54.3%
Decade Names % Correct
1960sSharon
54.3%
2000sSophia
53.2%
1910sSophie
52.5%
1900sSusie
48.8%
1890sSusie
48.8%
1880sSusie
48.8%
1900sSadie
45.6%
1890sSadie
45.6%
1880sSadie
45.6%
1910sStella
44.1%
1920sStella
44.1%
1900sStella
44.1%
1890sStella
44.1%
1880sStella
44.1%
1970sStacy
38.5%
1970sShannon
37.6%
1980sShannon
37.6%
1950sSheila
37.5%
1910sSylvia
35.6%
1920sSylvia
35.6%
1930sSylvia
35.6%
1900sSylvia
35.6%
1920sShirley
34%
1930sShirley
34%
1940sShirley
34%
1950sShirley
34%
1960sSherry
33.3%
2000sSavannah
33.3%
2000sSydney
28.4%
1890sSallie
25.8%
1880sSallie
25.8%
1990sShelby
21.9%
Remove Ads.
Support Sporcle.
Get the best of Sporcle when you Go Orange. This ad-free experience offers more features, more stats, and more fun while also helping to support Sporcle. Thank you for becoming a member.

You're not logged in!

Compare scores with friends on all Sporcle quizzes.
OR
Log In

Sporcle TV

Today on Sporcle TV


Watch our educational content, quiz creation guides, and fun videos on Sporcle TV.

Show Comments

Extras

Top Quizzes Today


Score Distribution

Paid Content

Your Account Isn't Verified!

In order to create a playlist on Sporcle, you need to verify the email address you used during registration. Go to your Sporcle Settings to finish the process.

Report this User

Report this user for behavior that violates our Community Guidelines.

Details: